Bernard de Clairvaux : histoire, mentaliés, spiritualité / Colloque de Lyon-Citeaux-Dijon

محفوظ في:
التفاصيل البيبلوغرافية
مؤلف مشترك: Colloque de Lyon-Citeaux-Dijon
التنسيق: وقائع المؤتمر كتاب
سلاسل:(Sources Chrétiennes ; 380)
الموضوعات:
الوسوم: إضافة وسم
لا توجد وسوم, كن أول من يضع وسما على هذه التسجيلة!

MARC

LEADER 00000nam^a2200000^u^4500
001 000550587
005 20250903000000.0
008 060220s1000^^^^^^^^^^^^r^^^^^000^0^spa^d
009 20260310131537.501
035 |a FMI 000020366 
037 |a Acervo Xavier Clavigero 
096 |a 3.1.1/449/A 
111 |a Colloque de Lyon-Citeaux-Dijon 
245 1 0 |a Bernard de Clairvaux : histoire, mentaliés, spiritualité / Colloque de Lyon-Citeaux-Dijon 
264 |a París : Du Cerf, 1992 
300 |a 751 p. 
336 |a texto  |b txt  |2 rdacontenido 
337 |a sin mediación  |b n  |2 rdamedio 
338 |a volumen  |b nc  |2 rdasoporte 
440 0 |a (Sources Chrétiennes ;  |v 380) 
649 |a XX 
650 |a Patrología 
910 |a Fondo Francisco Migoya Covarrubias S.J. 
920 |a Impresos - Libros 
930 |a Fondos Especiales 
905 |a 134 
901 |a SBC13672  |b IT2  |c ESP  |u 20250521 
902 |a https://opac.biblio.iteso.mx/vufind/Record/000550587